[Event "Cali Masificacion op U2050"]
[Site "Cali"]
[Date "2021.12.28"]
[Round "4"]
[White "Ortega Moran, Helmer Andres"]
[Black "Espana, Camilo"]
[Result "0-1"]
[WhiteElo "1755"]
[BlackElo "1500"]
[PlyCount "96"]
[EventDate "2021.12.26"]
[EventType "swiss"]
[EventRounds "7"]
[EventCountry "COL"]
[SourceTitle "CBM 205 Extra"]
[Source "ChessBase"]
[SourceDate "2022.01.31"]
[SourceVersion "1"]
[SourceVersionDate "2022.01.31"]
[SourceQuality "1"]

1. e4 e5 2. Nf3 Nc6 3. Bb5 a6 4. Ba4 Nf6 5. 0-0 Be7 6. Re1 d6 7. d4 b5 8. Bb3 Nxd4 9. Nxd4 exd4 10. Bd5 Nxd5 11. exd5 0-0 12. Qxd4 Re8 13. Nc3 Bf6 14. Rxe8+ Qxe8 15. Qe4 Bf5 16. Qxe8+ Rxe8 17. Bd2 Kf8 18. Rc1 b4 19. Na4 a5 20. c3 Re2 21. Be1 Bg5 22. Ra1 Bd2 23. Bxd2 Rxd2 24. c4 Bd7 25. b3 Bxa4 26. bxa4 Rc2 27. Kf1 Rxc4 28. Ke2 c6 29. dxc6 Rxc6 30. a3 b3 31. Rb1 Rb6 32. Rb2 Ke7 33. Kd3 Ke6 34. Kd4 Kf5 35. f3 Kf4 36. Kd3 h5 37. Ke2 h4 38. Kf2 d5 39. g3+ hxg3+ 40. hxg3+ Ke5 41. Ke3 d4+ 42. Kd3 g5 43. Kc4 g4 44. fxg4 Ke4 45. Rb1 b2 46. Re1+ Kf3 47. Rf1+ Ke2 48. Rb1 d3 0-1